[Event "Titled Tue 26th Aug Late"]
[Site "chess.com INT"]
[Date "2025.08.26"]
[Round "4"]
[White "Carafizi, Vasile"]
[Black "Yagiz, Yasin Emrah"]
[Result "1-0"]
[WhiteTitle "FM"]
[BlackTitle "FM"]
[WhiteElo "2134"]
[BlackElo "2107"]
[WhiteFideId "4002539"]
[BlackFideId "6303684"]
[EventDate "2025.08.26"]

1. e4 e6 2. d3 d5 3. Nd2 dxe4 4. dxe4 Nc6 5. Ngf3 Bc5 6. g3 e5 7. Bg2 Nf6 8. O-O
O-O 9. c3 a5 10. Qe2 Qe7 11. Nc4 b6 12. Bg5 Ba6 13. b3 h6 14. Be3 b5 15. Bxc5
Qxc5 16. Ne3 Nxe4 17. Rac1 Nf6 18. Nf5 Rfe8 19. Rfe1 b4 20. c4 e4 21. N3h4 Bc8
22. Ne3 Nd4 23. Qb2 Be6 24. Red1 Rad8 25. Nd5 Bxd5 26. Rxd4 Bb7 27. Rcd1 Rxd4
28. Qxd4 Qxd4 29. Rxd4 Re5 30. Bh3 g6 31. Ng2 Kg7 32. Ne3 h5 33. Bg2 Bc6 34. h3
Ne8 35. Rd8 f5 36. Rc8 Kf6 37. Kf1 1-0

[Event "Titled Tue 26th Aug Late"]
[Site "chess.com INT"]
[Date "2025.08.26"]
[Round "4"]
[White "Rossi, Maximiliano"]
[Black "Estrada Nieto, Julian"]
[Result "1-0"]
[BlackTitle "IM"]
[WhiteElo "2013"]
[BlackElo "2182"]
[WhiteFideId "113425"]
[BlackFideId "5101018"]
[EventDate "2025.08.26"]

1. e4 e5 2. Nf3 Nc6 3. Bb5 a6 4. Bxc6 dxc6 5. Nc3 f6 6. d3 Bg4 7. Be3 c5 8. h3
Bh5 9. g4 Bf7 10. b3 Bd6 11. Ne2 Ne7 12. Ng3 Qd7 13. Nf5 Nxf5 14. gxf5 g5 15.
Qd2 O-O-O 16. Qc3 b6 17. O-O-O Bh5 18. Nh2 Bxd1 19. Rxd1 h5 20. f3 Qb5 21. a4
Qb4 22. Qb2 c4 23. dxc4 Bc5 24. Nf1 Rxd1+ 25. Kxd1 Rd8+ 26. Bd2 Bd4 27. Bxb4
Bxb2+ 28. Ke2 c5 29. Bd2 Kd7 30. Ne3 Kc6 31. Nd5 Rf8 32. c3 b5 33. cxb5+ axb5
34. a5 c4 35. b4 Rf7 36. Kd1 Ba3 37. Kc2 Rf8 38. Be3 Kb7 39. Bc5 Rf7 40. Be7 1-0

[Event "Titled Tue 26th Aug Late"]
[Site "chess.com INT"]
[Date "2025.08.26"]
[Round "4"]
[White "Msellek, Ilyass"]
[Black "Bluebaum, Matthias"]
[Result "1-0"]
[WhiteTitle "IM"]
[BlackTitle "GM"]
[WhiteElo "2406"]
[BlackElo "2660"]
[WhiteFideId "675938"]
[BlackFideId "24651516"]
[EventDate "2025.08.26"]

1. e4 e6 2. d4 d5 3. Nc3 Nf6 4. Bg5 dxe4 5. Nxe4 Be7 6. Bxf6 gxf6 7. Qd3 a6 8.
O-O-O b5 9. d5 exd5 10. Ng3 Be6 11. Nf5 Qd7 12. Ng7+ Kf8 13. Nxe6+ fxe6 14. Ne2
c5 15. Qh3 Bd6 16. f4 f5 17. Qh6+ Kg8 18. g4 Bf8 19. Qh5 Qf7 20. Qxf7+ Kxf7 21.
gxf5 d4 22. fxe6+ Kxe6 23. Bh3+ Kf7 24. c3 Nc6 25. Bd7 Ne7 26. cxd4 c4 27. d5
Bh6 28. Be6+ Kf6 29. Kc2 Nf5 30. Bxf5 Kxf5 31. Ng3+ Kg4 32. f5 Bg7 33. Rhg1 Be5
34. Rde1 Rae8 35. h3+ Kxh3 36. Ne4 Rhf8 37. Rg5 Bh2 38. Rh5+ 1-0

[Event "Titled Tue 26th Aug Late"]
[Site "chess.com INT"]
[Date "2025.08.26"]
[Round "4"]
[White "Mikhalsky, Vladimir"]
[Black "Perelygin, Mikhail"]
[Result "1-0"]
[BlackTitle "CM"]
[WhiteElo "2219"]
[BlackElo "2227"]
[WhiteFideId "14144352"]
[BlackFideId "24153630"]
[EventDate "2025.08.26"]

1. d4 Nf6 2. Nc3 d5 3. Bf4 a6 4. e3 c5 5. f3 Nc6 6. Nge2 Nh5 7. Bg5 h6 8. Bh4 g5
9. Bf2 e6 10. g4 Nf6 11. h4 Bg7 12. Qd2 b5 13. dxc5 Nd7 14. Nd4 Qc7 15. Nxc6
Qxc6 16. b4 Ne5 17. Be2 Nc4 18. Bxc4 bxc4 19. hxg5 hxg5 20. Rxh8+ Bxh8 21. a3 a5
22. Rb1 Bd7 23. Ne2 Qa4 24. Qc1 axb4 25. axb4 c3 26. Nd4 Bxd4 27. exd4 Rb8 28.
Qxg5 Rxb4 29. Qg8+ Ke7 30. Bh4+ f6 31. Qg7+ Kd8 32. Qxf6+ Kc7 33. Qd8+ Kc6 34.
Rxb4 Qxb4 35. Qa8+ Kb5 36. Qb7+ Kc4 37. Qxb4+ Kxb4 38. Bf6 Kb5 39. Ke2 Be8 40.
Kd3 Kb4 41. Ke3 Ba4 42. g5 Bxc2 43. c6 Bg6 44. c7 c2 45. c8=Q 1-0

[Event "Titled Tue 26th Aug Late"]
[Site "chess.com INT"]
[Date "2025.08.26"]
[Round "4"]
[White "Marn, Jan"]
[Black "Subervi, Jonathan Sigfredo"]
[Result "1-0"]
[WhiteTitle "FM"]
[BlackTitle "FM"]
[WhiteElo "2378"]
[BlackElo "2007"]
[WhiteFideId "14619245"]
[BlackFideId "6400345"]
[EventDate "2025.08.26"]

1. d4 e6 2. c4 f5 3. g3 Nf6 4. Bg2 d5 5. Nh3 c6 6. O-O Be7 7. Nd2 O-O 8. b3 a5
9. Bb2 a4 10. Nf4 Ne4 11. Nf3 a3 12. Bc1 Na6 13. Nd3 Nb4 14. Nxb4 Bxb4 15. Qc2
Bd6 16. Bf4 Bxf4 17. gxf4 h6 18. Ne5 Qf6 19. Bxe4 fxe4 20. e3 g5 21. fxg5 hxg5
22. f3 Qe7 23. fxe4 Bd7 24. exd5 Rxf1+ 25. Rxf1 Be8 26. dxe6 Qxe6 27. Rf5 Qh6
28. Qg2 Kh8 29. Qxg5 Qxg5+ 30. Rxg5 Rd8 31. c5 Kh7 32. Rf5 Bg6 33. Rf6 Bb1 34.
Rf7+ Kh6 35. Rxb7 Bxa2 36. Ra7 Bxb3 37. Rxa3 Bd5 38. Ra6 Rg8+ 39. Kf2 Rf8+ 40.
Ke1 Rf6 41. Ng4+ Kg5 42. Nxf6 Kxf6 43. Kd2 Kf5 44. Kd3 Kg4 45. e4 Bf7 46. Rxc6
Bg6 47. Rxg6+ Kh5 48. Rg1 Kh4 49. c6 Kh5 50. c7 Kh4 51. c8=Q Kh5 52. Qh8# 1-0

[Event "Titled Tue 26th Aug Late"]
[Site "chess.com INT"]
[Date "2025.08.26"]
[Round "4"]
[White "Pontes, Luiz Felizola Lima"]
[Black "Shapiro, Daniel"]
[Result "0-1"]
[BlackTitle "FM"]
[WhiteElo "1871"]
[BlackElo "2284"]
[WhiteFideId "44709919"]
[BlackFideId "2001780"]
[EventDate "2025.08.26"]

1. e4 c5 2. Nf3 Nc6 3. d4 cxd4 4. Nxd4 Nf6 5. Nc3 d6 6. Qd3 a6 7. Be2 e5 8. Nb3
h6 9. O-O Be7 10. Nd5 Nxd5 11. exd5 Nb8 12. c4 f5 13. f4 e4 14. Bh5+ Kf8 15. Qg3
Bf6 16. Qg6 Qe7 17. Be3 Bd7 18. Nd4 Qe8 19. Nxf5 Qxg6 20. Bxg6 Bxf5 21. Bxf5 Ke7
22. Bxe4 Nd7 23. Bf5 Nc5 24. Rae1 Kd8 25. b4 Nd7 26. Bxd7 Kxd7 27. Rd1 a5 28. b5
Rac8 29. Rc1 Rhe8 30. Bf2 Re2 31. a4 Ra2 32. Rfe1 Rxa4 33. Rcd1 Raxc4 34. b6 a4
35. Rb1 a3 36. Re2 Bb2 0-1

[Event "Titled Tue 26th Aug Late"]
[Site "chess.com INT"]
[Date "2025.08.26"]
[Round "4"]
[White "Terry, Renato"]
[Black "Bardyk, Artem"]
[Result "0-1"]
[WhiteTitle "IM"]
[BlackTitle "FM"]
[WhiteElo "2508"]
[BlackElo "2332"]
[WhiteFideId "3803457"]
[BlackFideId "34349979"]
[EventDate "2025.08.26"]

1. d4 d5 2. Nf3 Nf6 3. c4 e6 4. Nc3 c5 5. dxc5 Bxc5 6. e3 O-O 7. a3 dxc4 8. Qc2
a6 9. Bxc4 b5 10. Bd3 Bb7 11. O-O Nbd7 12. e4 Bd6 13. Rd1 Qc7 14. Qe2 Ne5 15.
Nxe5 Bxe5 16. h3 h6 17. Bd2 Rfd8 18. Rac1 Qe7 19. Be1 Rac8 20. Bb1 Rxd1 21. Rxd1
Rd8 22. Rxd8+ Qxd8 23. Bd2 Qc7 24. Qe3 Bh2+ 25. Kh1 Be5 26. Kg1 Bh2+ 27. Kh1 Be5
28. Bd3 Qd6 29. Kg1 Bd4 30. Qe2 Qe5 31. Kh1 Nh5 32. g3 Nxg3+ 33. fxg3 Qxg3 34.
Qf1 Be5 35. Qg2 Qxd3 36. Kg1 a5 37. Bxh6 b4 38. axb4 axb4 39. Ne2 Bxe4 40. Qg5
Qxe2 0-1

[Event "Titled Tue 26th Aug Late"]
[Site "chess.com INT"]
[Date "2025.08.26"]
[Round "4"]
[White "Matlak, Oleksandr"]
[Black "Chen, Yidong"]
[Result "1-0"]
[WhiteElo "2235"]
[BlackElo "2068"]
[WhiteFideId "148061879"]
[BlackFideId "8607028"]
[EventDate "2025.08.26"]

1. c4 Nf6 2. Nf3 e6 3. g3 d5 4. Bg2 Be7 5. O-O O-O 6. d4 dxc4 7. Ne5 Nc6 8. Nxc6
bxc6 9. Bxc6 Rb8 10. Nc3 Bb7 11. Bxb7 Rxb7 12. e4 Qd7 13. Rb1 c5 14. d5 Rd8 15.
dxe6 Qxe6 16. Qe2 Rbd7 17. Bf4 Rd3 18. Rfe1 Qh3 19. Nd5 Ng4 20. Nxe7+ Kf8 21. f3
Rxf3 22. Nd5 Rf2 23. Qxf2 Nxf2 24. Kxf2 Qxh2+ 25. Kf3 h6 26. Be3 f5 27. Bxc5+
Kg8 28. Ne7+ Kf7 29. Nxf5 Rd3+ 30. Be3 g6 31. Nd4 g5 32. Rbd1 g4+ 33. Kxg4 Kg6
34. Rxd3 cxd3 35. Nf5 Qh5+ 36. Kf4 1-0

[Event "Titled Tue 26th Aug Late"]
[Site "chess.com INT"]
[Date "2025.08.26"]
[Round "4"]
[White "Vazelakis, Dimitrios"]
[Black "Ferrara, Enzo"]
[Result "0-1"]
[WhiteElo "1858"]
[BlackElo "2138"]
[WhiteFideId "4203674"]
[BlackFideId "137731"]
[EventDate "2025.08.26"]

1. d4 f5 2. Nc3 Nf6 3. Bf4 d5 4. e3 e6 5. h3 Bd6 6. g4 Bxf4 7. exf4 Qe7 8. Bd3
c6 9. Qe2 Ne4 10. Bxe4 fxe4 11. f3 exf3 12. Nxf3 O-O 13. O-O-O Rxf4 14. Ne5 Nd7
15. Rhf1 Rxf1 16. Rxf1 Nxe5 17. Qxe5 h6 18. Kd1 b6 19. Rf4 a5 20. Ne2 Ba6 21.
Ng3 Rf8 22. Nh5 Bf1 23. h4 Bg2 24. g5 hxg5 25. hxg5 Be4 26. Ng3 Bg6 27. c3 a4
28. a3 c5 29. Ne2 c4 30. Rxf8+ Kxf8 31. Qb8+ Kf7 32. Qxb6 Qxg5 33. Qc7+ Kg8 34.
Qc8+ Kf7 35. Qd7+ Kf6 36. Qd8+ Kf5 37. Qf8+ Ke4 0-1

[Event "Titled Tue 26th Aug Late"]
[Site "chess.com INT"]
[Date "2025.08.26"]
[Round "4"]
[White "Dyachuk, Artem"]
[Black "Shurakov, Denis"]
[Result "1-0"]
[WhiteTitle "FM"]
[BlackTitle "CM"]
[WhiteElo "2298"]
[BlackElo "2085"]
[WhiteFideId "34107924"]
[BlackFideId "4149734"]
[EventDate "2025.08.26"]

1. e4 b6 2. d4 Bb7 3. Nc3 e6 4. Nf3 Nf6 5. e5 Nd5 6. Nxd5 Bxd5 7. Bd3 Be7 8. h4
d6 9. Qe2 Nd7 10. c4 Bxf3 11. Qxf3 dxe5 12. Be4 Rb8 13. dxe5 Nxe5 14. Qg3 Nxc4
15. Qxg7 Bf6 16. Bc6+ Ke7 17. Bg5 Qd4 18. O-O Rbg8 19. Qh6 Bxg5 20. hxg5 Qg7 21.
Qh4 Nd6 22. f4 h6 23. f5 Qxg5 24. f6+ Kd8 25. Qxg5 Rxg5 26. b4 Rhg8 27. Rad1 Kc8
28. a4 Rg4 29. Rb1 Rc4 30. Bf3 Rg5 31. Rfd1 Rf5 32. Be2 Rc3 33. Ba6+ Kb8 34. Rd4
Rxf6 35. Rg4 Rg6 36. Rxg6 fxg6 37. Rf1 1-0

[Event "Titled Tue 26th Aug Late"]
[Site "chess.com INT"]
[Date "2025.08.26"]
[Round "4"]
[White "Montano Vicente, Guadalupe"]
[Black "Beulen, Marcel"]
[Result "0-1"]
[BlackTitle "FM"]
[WhiteElo "1990"]
[BlackElo "2359"]
[WhiteFideId "5181399"]
[BlackFideId "1001450"]
[EventDate "2025.08.26"]

1. e4 d5 2. exd5 Qxd5 3. Nf3 Bg4 4. Nc3 Qe6+ 5. Qe2 Qxe2+ 6. Bxe2 Nc6 7. a3 Nf6
8. d3 O-O-O 9. Be3 e6 10. h3 Bh5 11. O-O Bd6 12. Rfe1 a6 13. Nd2 Bxe2 14. Rxe2
Rhe8 15. Nde4 Nxe4 16. Nxe4 Be7 17. Rb1 e5 18. Nd2 f6 19. Rbe1 Bf8 20. Nb3 b6
21. Bd2 Kd7 22. Bc3 Bd6 23. g3 Re7 24. Kg2 Rde8 25. f3 Nd8 26. d4 exd4 27. Rxe7+
Rxe7 28. Rxe7+ Bxe7 29. Nxd4 g6 30. f4 c5 31. Ne2 Ke6 32. Kf3 Nc6 33. Ke4 f5+
34. Kd3 b5 35. b3 Kd5 36. Bb2 c4+ 37. bxc4+ bxc4+ 38. Ke3 Bc5+ 39. Kf3 Bd4 40.
c3 Bc5 41. g4 Ne7 42. Ng3 Kc6 43. h4 Kb5 44. h5 Ka4 45. hxg6 hxg6 46. gxf5 gxf5
47. Bc1 Bxa3 48. Be3 Bd6 49. Bd4 Kb3 50. Bf6 a5 51. Bxe7 Bxe7 52. Nxf5 Bc5 53.
Nd4+ Bxd4 54. cxd4 c3 0-1

[Event "Titled Tue 26th Aug Late"]
[Site "chess.com INT"]
[Date "2025.08.26"]
[Round "4"]
[White "Murawski, Jan"]
[Black "Ruperez Benito, Antonio"]
[Result "1/2-1/2"]
[WhiteTitle "CM"]
[BlackTitle "FM"]
[WhiteElo "2189"]
[BlackElo "2328"]
[WhiteFideId "21009287"]
[BlackFideId "22245049"]
[EventDate "2025.08.26"]

1. c4 e6 2. Nc3 d5 3. d4 Nf6 4. Bg5 Be7 5. e3 O-O 6. Nf3 h6 7. Bh4 Ne4 8. Bxe7
Qxe7 9. Nxe4 dxe4 10. Nd2 f5 11. Be2 Nd7 12. O-O e5 13. d5 Nf6 14. Qc2 g5 15. a3
a5 16. Rfd1 f4 17. Nxe4 Nxe4 18. Qxe4 Bf5 19. d6 cxd6 20. Qd5+ Be6 21. Qxd6 Qf6
22. exf4 exf4 23. Qd4 Qf7 24. Bf3 Bxc4 25. Bxb7 Rab8 26. Bd5 Bxd5 27. Qxd5 Rxb2
28. Qxa5 f3 29. Qc3 Rb3 30. Qd4 fxg2 31. Qd5 Rb2 32. Qxf7+ Rxf7 33. a4 Rbxf2 34.
a5 Kg7 35. a6 Kg6 36. a7 Rf1+ 37. Kxg2 R7f2+ 38. Kg3 Rf3+ 39. Kg2 R3f2+ 40. Kh3
Rf3+ 41. Kg2 R3f2+ 1/2-1/2

[Event "Titled Tue 26th Aug Late"]
[Site "chess.com INT"]
[Date "2025.08.26"]
[Round "4"]
[White "Munoz, Francisco Javier"]
[Black "Becking, Stephan"]
[Result "1-0"]
[WhiteTitle "FM"]
[BlackTitle "IM"]
[WhiteElo "2389"]
[BlackElo "2410"]
[WhiteFideId "128368"]
[BlackFideId "4632478"]
[EventDate "2025.08.26"]

1. e4 e6 2. Nc3 d5 3. d4 Nf6 4. Bg5 Be7 5. e5 Nfd7 6. Bxe7 Qxe7 7. f4 a6 8. Nf3
c5 9. Qd2 Nc6 10. O-O-O b5 11. dxc5 Qxc5 12. Bd3 Nb6 13. Kb1 Nc4 14. Bxc4 bxc4
15. Ka1 Rb8 16. Nd4 Ne7 17. g4 Bd7 18. h4 Qb6 19. Rb1 Nc6 20. Rhd1 Nxd4 21. Qxd4
Qxd4 22. Rxd4 Ke7 23. b3 cxb3 24. axb3 Rhc8 25. Kb2 Rc5 26. Nd1 a5 27. Ra1 a4
28. b4 Rc7 29. Ne3 f6 30. exf6+ gxf6 31. f5 Kd6 32. fxe6 Bxe6 33. Rxa4 Ke5 34.
c3 Rbc8 35. Rd3 Ke4 36. Kc2 Bd7 37. Ra5 d4 38. Nd5 Rc6 39. Rxd4+ Kf3 40. Rd3+
Kf2 41. Ne7 Bxg4 42. Nxc6 Rxc6 43. Kd2 f5 44. Rd4 Kg3 45. b5 1-0

[Event "Titled Tue 26th Aug Late"]
[Site "chess.com INT"]
[Date "2025.08.26"]
[Round "4"]
[White "Przybylski, Wojciech"]
[Black "Kurpiewski, Slawomir"]
[Result "1-0"]
[WhiteTitle "FM"]
[BlackTitle "CM"]
[WhiteElo "2340"]
[BlackElo "1973"]
[WhiteFideId "1117599"]
[BlackFideId "1114530"]
[EventDate "2025.08.26"]

1. d4 f5 2. Nd2 Nf6 3. g3 g6 4. Bg2 Bg7 5. e4 fxe4 6. Nxe4 Nxe4 7. Bxe4 d5 8.
Bg2 O-O 9. Be3 c6 10. Nf3 Nd7 11. Qe2 e5 12. dxe5 Nxe5 13. Nxe5 Bxe5 14. O-O-O
Qf6 15. c3 Bf5 16. Qd2 Rfe8 17. f4 Bc7 18. Bd4 Qf7 19. Rde1 Rxe1+ 20. Rxe1 Re8
21. Be5 Bxe5 22. fxe5 Qe7 23. Qd4 a6 24. b4 Qg5+ 25. Kb2 Qd8 26. h4 a5 27. h5
axb4 28. cxb4 Qe7 29. g4 Be6 30. Rf1 Rf8 31. Rf6 gxh5 32. gxh5 Kg7 33. h6+ Kg8
34. Qf4 Rxf6 35. exf6 Qd7 36. Bf3 d4 37. Bh5 d3 38. f7+ Bxf7 39. Qb8+ Qe8 40.
Qxe8+ Bxe8 41. Bxe8 Kf8 42. Bd7 d2 43. Kc2 Kf7 44. Bf5 Kg8 45. Kxd2 b6 46. a4 c5
47. bxc5 bxc5 48. a5 Kf7 49. Bxh7 Kf6 50. Bc2 1-0

[Event "Titled Tue 26th Aug Late"]
[Site "chess.com INT"]
[Date "2025.08.26"]
[Round "4"]
[White "Alvarado, Carlos"]
[Black "Kao, Jamison Edrich"]
[Result "0-1"]
[WhiteTitle "CM"]
[BlackTitle "CM"]
[WhiteElo "2032"]
[BlackElo "2081"]
[WhiteFideId "3800555"]
[BlackFideId "6007937"]
[EventDate "2025.08.26"]

1. Nf3 Nf6 2. e3 g6 3. b3 Bg7 4. Bb2 O-O 5. c4 d6 6. d4 Nc6 7. a3 e5 8. d5 Ne7
9. Nc3 a5 10. h3 Nd7 11. Nd2 f5 12. Be2 e4 13. Qc2 Ne5 14. f4 exf3 15. gxf3 f4
16. e4 Bd7 17. h4 c6 18. h5 Rc8 19. hxg6 N7xg6 20. O-O-O cxd5 21. Nxd5 b5 22.
Kb1 a4 23. b4 bxc4 24. Nxc4 Nxc4 25. Bxc4 Be6 26. Bxg7 Kxg7 27. Qb2+ Kg8 28. Ba2
Rf7 29. Rc1 Ne5 30. Rxc8 Qxc8 31. Rg1+ Kf8 32. Rc1 Qa6 33. Ka1 Qd3 34. b5 Qxf3
35. b6 Rb7 36. Nc7 Bxa2 37. Qxa2 Rxb6 38. Ne6+ Ke7 39. Nd4 Qg4 40. Nf5+ Kf6 41.
Qd2 Qf3 42. Rc3 Qxe4 0-1

[Event "Titled Tue 26th Aug Late"]
[Site "chess.com INT"]
[Date "2025.08.26"]
[Round "4"]
[White "Morgunov, Marc"]
[Black "Herbrig, Alexander"]
[Result "0-1"]
[WhiteTitle "FM"]
[BlackTitle "FM"]
[WhiteElo "2396"]
[BlackElo "2292"]
[WhiteFideId "1640305"]
[BlackFideId "12952044"]
[EventDate "2025.08.26"]

1. e4 c5 2. Nf3 d6 3. d4 cxd4 4. Nxd4 Nf6 5. Nc3 g6 6. Be3 Nc6 7. f3 h5 8. Qd2
Nxd4 9. Bxd4 Bh6 10. Be3 Bxe3 11. Qxe3 Be6 12. O-O-O Qa5 13. Bb5+ Kf8 14. Qd4
Kg7 15. Bc4 Bxc4 16. Qxc4 Rhc8 17. Qd4 Rc6 18. Kb1 Rac8 19. Rd3 b5 20. a3 Rc4
21. Qe3 b4 22. axb4 Qxb4 23. e5 dxe5 24. Qxe5 a5 25. Re1 Rb8 26. Nd5 Qb7 27. Rb3
Rb4 28. Nxb4 axb4 29. Rd3 Ra8 30. Qxe7 Qa6 31. Kc1 Re8 32. Qxe8 Nxe8 33. Rxe8
Qa1+ 34. Kd2 Qxb2 35. Rb3 Qd4+ 36. Rd3 Qf2+ 37. Re2 Qc5 38. Rde3 Qd6+ 39. Rd3
Qxh2 40. Rd4 Qb8 41. Ree4 b3 42. cxb3 Qxb3 43. Re7 Qb2+ 44. Kd3 Qa3+ 45. Ke4
Qxe7+ 46. Kd3 Qg5 0-1

[Event "Titled Tue 26th Aug Late"]
[Site "chess.com INT"]
[Date "2025.08.26"]
[Round "4"]
[White "Pica, Eleni"]
[Black "Kulik, Nicolas"]
[Result "0-1"]
[WhiteTitle "WCM"]
[WhiteElo "1743"]
[BlackElo "2111"]
[WhiteFideId "5910005"]
[BlackFideId "3009530"]
[EventDate "2025.08.26"]

1. d4 Nf6 2. c4 g6 3. Nc3 Bg7 4. e4 d6 5. Be2 O-O 6. Bg5 c5 7. d5 h6 8. Be3 a6
9. Qd2 Qa5 10. f3 Kh7 11. g4 Nfd7 12. h4 Ne5 13. h5 g5 14. Nh3 Nbd7 15. f4 gxf4
16. Bxf4 f6 17. g5 fxg5 18. Bxg5 hxg5 19. Nxg5+ Kg8 20. h6 Bf6 21. O-O-O Ng6 22.
Bh5 Nde5 23. Bxg6 Nxg6 24. Rdg1 Kh8 25. Nf7+ Rxf7 26. Rxg6 b5 27. Qg2 Bd7 28. h7
Rg7 29. Rxg7 Bxg7 30. Rg1 Bh6+ 31. Kb1 Qd8 32. Qg6 Qf8 33. Ne2 bxc4 34. Ng3 c3
35. Nf5 Bxf5 36. exf5 Rb8 37. Rh1 Rxb2+ 38. Ka1 Re2 39. Rxh6 Re1# 0-1

[Event "Titled Tue 26th Aug Late"]
[Site "chess.com INT"]
[Date "2025.08.26"]
[Round "4"]
[White "Silva, Luca"]
[Black "Csonka, Balazs"]
[Result "0-1"]
[WhiteTitle "FM"]
[BlackTitle "IM"]
[WhiteElo "2214"]
[BlackElo "2467"]
[WhiteFideId "147370"]
[BlackFideId "742910"]
[EventDate "2025.08.26"]

1. e4 e5 2. Nf3 Nc6 3. Nc3 Nf6 4. Bb5 Bd6 5. O-O O-O 6. d3 Re8 7. Bg5 h6 8. Bh4
Be7 9. a4 d6 10. a5 a6 11. Bc4 Nd7 12. Bxe7 Nxe7 13. d4 Nc6 14. Qd2 Nf6 15. Rfe1
Bg4 16. dxe5 dxe5 17. Qe3 Nd4 18. Rad1 Bxf3 19. gxf3 Nh5 20. Ne2 Qg5+ 21. Qxg5
Nxf3+ 22. Kh1 hxg5 23. Rf1 Red8 24. c3 Nd2 25. Bd5 Nxf1 26. Rxf1 c6 27. Bc4 Rd2
28. Ng3 Nxg3+ 29. fxg3 Rf8 30. Rf5 Rxb2 31. Rxe5 Rc2 32. Rc5 g6 33. Rxg5 Kg7 34.
Kg1 Rd8 35. Bf1 Rd1 36. Rg4 Rxc3 37. Rf4 Ra1 38. Kg2 Ra2+ 39. Kh3 Rxa5 40. e5
Rxe5 41. Bg2 Rh5+ 42. Kg4 Rxh2 43. Be4 Re2 44. Bf3 Ree3 45. Kg5 Rxf3 46. Rxf7+
Rxf7 47. g4 a5 48. Kh4 a4 49. Kg5 a3 50. Kh4 a2 51. Kg5 a1=N 52. Kh4 b5 53. Kg5
b4 54. Kh4 b3 55. Kg5 b2 56. Kh4 b1=Q 57. g5 Qc1 58. Kg4 c5 59. Kh4 Rcf3 60. Kg4
c4 61. Kh4 c3 62. Kg4 c2 63. Kh4 Qh1+ 64. Kg4 Qg2+ 65. Kh4 Rh3# 0-1

[Event "Titled Tue 26th Aug Late"]
[Site "chess.com INT"]
[Date "2025.08.26"]
[Round "4"]
[White "Shafer, Logan C"]
[Black "Joel Paul Ganta"]
[Result "0-1"]
[WhiteTitle "CM"]
[BlackTitle "CM"]
[WhiteElo "2234"]
[BlackElo "2067"]
[WhiteFideId "30993342"]
[BlackFideId "35066145"]
[EventDate "2025.08.26"]

1. d4 Nf6 2. c4 e6 3. g3 d5 4. Nf3 Be7 5. Bg2 O-O 6. O-O c6 7. Qc2 b6 8. b3 Bb7
9. Nc3 Nbd7 10. Nd2 c5 11. e3 Rc8 12. Bb2 a6 13. cxd5 cxd4 14. exd4 Bxd5 15. Qd3
Bxg2 16. Kxg2 Nc5 17. Qe3 Ng4 18. Qe2 Qxd4 19. Rad1 Nf6 20. Nde4 Qe5 21. Nd5
Qxd5 22. Rxd5 Nxd5 23. Qg4 g6 24. Nxc5 Bxc5 25. Qe4 Be7 26. Rd1 Bf6 27. Bxf6
Nxf6 28. Qb7 Nd5 29. a4 Rc2 30. Kg1 a5 31. h4 h5 32. Qa6 Rfc8 33. Re1 Rc1 34.
Rxc1 Rxc1+ 35. Kg2 Rc3 36. Qa8+ Kg7 37. Qe8 Rxb3 38. f3 Rb2+ 39. Kh3 Rb4 40. g4
hxg4+ 41. fxg4 Rxg4 42. Qd7 Rd4 43. Qe8 Nf6 44. Qb8 Rxa4 45. Qxb6 Ra3+ 46. Kh2
a4 47. Qb4 Ra2+ 48. Kh3 a3 49. Qb3 Ra1 50. Kg2 Nd5 0-1

[Event "Titled Tue 26th Aug Late"]
[Site "chess.com INT"]
[Date "2025.08.26"]
[Round "4"]
[White "Ferreira, Vitor Hugo Vieira"]
[Black "Jahnz, Laurin"]
[Result "1-0"]
[BlackTitle "CM"]
[WhiteElo "2128"]
[BlackElo "2219"]
[WhiteFideId "2119765"]
[BlackFideId "16261089"]
[EventDate "2025.08.26"]

1. e4 c5 2. Nf3 Nc6 3. d4 cxd4 4. Nxd4 Nf6 5. Nc3 e5 6. Ndb5 d6 7. Bg5 a6 8. Na3
b5 9. Nd5 Be7 10. Bxf6 Bxf6 11. c4 b4 12. Nc2 O-O 13. g3 Bg5 14. Bg2 a5 15. b3
Be6 16. O-O Rc8 17. Qd3 Bxd5 18. cxd5 Ne7 19. Ne3 Rc3 20. Qb5 Bxe3 21. fxe3 Rxe3
22. Rac1 Ng6 23. Kf2 Rc3 24. Rxc3 bxc3 25. Rc1 Qg5 26. Rc2 f5 27. Qe2 fxe4+ 28.
Kg1 e3 29. Rxc3 Rf2 30. Qxe3 Qxe3 31. Rxe3 Rxa2 32. Rc3 Kf7 33. Rc7+ Kf6 34. Rd7
Ra1+ 35. Bf1 e4 36. Rxd6+ Ke5 37. Rd8 e3 38. d6 Rd1 39. Re8+ Kf6 40. Rxe3 Rxd6
41. Bc4 Ne5 42. Be2 Rd2 43. Kf1 Rb2 44. h3 h6 45. Rc3 g5 46. Ke1 Kf5 47. Rc5 Ke4
48. Rxa5 Rxb3 49. Kd2 Rxg3 50. Bf1 Rg1 51. Ke2 Kf4 52. Ra4+ Kf5 53. Kf2 Rh1 54.
Kg2 Rxf1 55. Kxf1 Ng6 56. Ra6 Nf4 57. Rxh6 g4 58. h4 g3 59. Rh8 Kg4 60. Kg1 Nh5
61. Ra8 Kxh4 62. Kg2 Kg4 63. Rg8+ Kh4 64. Kf3 g2 65. Rxg2 Nf6 66. Kf4 Kh5 67.
Kf5 1-0

[Event "Titled Tue 26th Aug Late"]
[Site "chess.com INT"]
[Date "2025.08.26"]
[Round "4"]
[White "Sroczynski, Maciej"]
[Black "Chahin Godoy, Angel Eduardo"]
[Result "1/2-1/2"]
[WhiteTitle "FM"]
[BlackTitle "CM"]
[WhiteElo "2236"]
[BlackElo "2002"]
[WhiteFideId "1121472"]
[BlackFideId "8404925"]
[EventDate "2025.08.26"]

1. e4 e6 2. d4 d5 3. Nc3 Bb4 4. e5 c5 5. Bd2 Nc6 6. Nb5 Bxd2+ 7. Qxd2 Nxd4 8.
Nxd4 cxd4 9. Nf3 Ne7 10. Qxd4 O-O 11. Bd3 Nf5 12. Bxf5 exf5 13. O-O Be6 14. Rad1
Qa5 15. a3 Rac8 16. c3 Rc4 17. Qd2 Rfc8 18. Nd4 Qb6 19. Rfe1 a5 20. Re2 Qc5 21.
h4 b5 22. Qg5 h6 23. Qf4 b4 24. axb4 axb4 25. cxb4 Qxb4 26. b3 Qxb3 27. Red2 Qa4
28. Qf3 Re8 29. h5 Kh7 30. g3 Qb4 31. Nxf5 Re4 32. Ne3 Rxe5 33. Rd4 Qd6 34. Qf4
f6 35. Nc4 Qc7 36. Ne3 Rc8 37. Nxd5 Bxd5 38. Rxd5 Rxd5 39. Rxd5 Qxf4 40. gxf4
Rc4 41. Rf5 Kg8 42. Kg2 Kf7 43. Kg3 Ke6 44. Ra5 Rc3+ 45. f3 Rc1 46. Ra6+ Kf7 47.
Ra7+ Kf8 48. Ra8+ Kf7 49. Ra7+ Kf8 50. Ra8+ Kf7 51. Ra7+ 1/2-1/2

[Event "Titled Tue 26th Aug Late"]
[Site "chess.com INT"]
[Date "2025.08.26"]
[Round "4"]
[White "Hungaski, Robert"]
[Black "Shandrygin, Nikita"]
[Result "1-0"]
[WhiteTitle "GM"]
[BlackTitle "FM"]
[WhiteElo "2477"]
[BlackElo "2209"]
[WhiteFideId "2021030"]
[BlackFideId "24198668"]
[EventDate "2025.08.26"]

1. e4 c5 2. Nf3 e6 3. Qe2 Nc6 4. g3 Nf6 5. Bg2 d5 6. d3 Be7 7. O-O b6 8. e5 Nd7
9. c4 Bb7 10. h4 dxc4 11. dxc4 Qc7 12. Re1 a6 13. Bf4 Nd4 14. Nxd4 cxd4 15. Nd2
Bxg2 16. Kxg2 Nc5 17. Qf3 Rd8 18. b3 O-O 19. Rac1 Qb7 20. Qxb7 Nxb7 21. Ne4 Rd7
22. Red1 f5 23. exf6 gxf6 24. Bh6 Rfd8 25. g4 Nc5 26. Nxc5 bxc5 27. Rd3 Kf7 28.
h5 Rg8 29. Kh3 a5 30. Bd2 a4 31. bxa4 Ra8 32. a5 Bd8 33. Rb1 Bxa5 34. Ra3 Rda7
35. Bxa5 Rxa5 36. Rb7+ Kg8 37. Rf3 Ra3 38. Kg2 Rxf3 39. Kxf3 Rxa2 40. h6 Rc2 41.
Rg7+ Kf8 42. Rxh7 Rxc4 43. Rc7 Kg8 44. g5 fxg5 45. Kg4 d3+ 46. Kh5 d2 47. Kg6
Kf8 48. h7 Rh4 49. Rd7 c4 50. Rxd2 1-0